América Central y la Comunidad Europea

Guardado en:
Bibliografiske detaljer
Institution som forfatter: Comisión de las Comunidades Europeas. Delegación para América Latina. Servicio de Prensa e Información
Format: Texto
Udgivet: Caracas: Servicio de Prensa e Información, Delegación para América Latina de la Comisión de las Comunidades Europeas
Tags: Tilføj Tag
Ingen Tags, Vær først til at tagge denne postø!

MARC

LEADER 00000 a a2200000 04500
001 24315
003
040
090 |a 166500  
110 |a Comisión de las Comunidades Europeas. Delegación para América Latina. Servicio de Prensa e Información  
245 |a América Central y la Comunidad Europea  
260 |a Caracas:   |b Servicio de Prensa e Información,   |c Delegación para América Latina de la Comisión de las Comunidades Europeas  
300 |a 27 p.; 2 copias   |b **no definido**   |b il.  
999 |c 10845  |d 10845